[Event "Blitz 2018"]
[Site "Saint-Petersburg"]
[Date "2018.12.29"]
[Round "4"]
[Board "36"]
[White "Yilmaz Mustafa (TUR)"]
[Black "Savchenko Boris (RUS)"]
[Result "0-1"]
[LiveChessVersion "1.4.8"]
[BlackElo "2639"]
[WhiteElo "2515"]

1. d4 {[%clk 0:03:03]} Nf6 {[%clk 0:03:03]} 2. c4 {[%clk 0:03:04]} g6
{[%clk 0:03:04]} 3. Nc3 {[%clk 0:03:05]} d5 {[%clk 0:03:05]} 4. Nf3
{[%clk 0:03:05]} Bg7 {[%clk 0:03:06]} 5. cxd5 {[%clk 0:03:04]} Nxd5
{[%clk 0:03:06]} 6. Qa4+ {[%clk 0:03:05]} Nc6 {[%clk 0:03:02]} 7. e4
{[%clk 0:03:05]} Nb6 {[%clk 0:02:59]} 8. Qc2 {[%clk 0:03:03]} Nxd4
{[%clk 0:02:44]} 9. Nxd4 {[%clk 0:03:03]} Bxd4 {[%clk 0:02:44]} 10. Bh6
{[%clk 0:03:03]} e5 {[%clk 0:01:01]} 11. Rd1 {[%clk 0:03:03]} Qh4
{[%clk 0:00:55]} 12. Bg7 {[%clk 0:01:16]} Rg8 {[%clk 0:00:55]} 13. g3
{[%clk 0:01:17]} Qe7 {[%clk 0:00:54]} 14. Bh6 {[%clk 0:01:11]} Bg4
{[%clk 0:00:47]} 15. Be2 {[%clk 0:01:11]} Bxe2 {[%clk 0:00:38]} 16. Nxe2
{[%clk 0:01:12]} O-O-O {[%clk 0:00:27]} 17. O-O {[%clk 0:00:41]} g5
{[%clk 0:00:26]} 18. Nxd4 {[%clk 0:00:40]} exd4 {[%clk 0:00:24]} 19. f4
{[%clk 0:00:40]} f6 {[%clk 0:00:17]} 20. e5 {[%clk 0:00:39]} fxe5
{[%clk 0:00:14]} 21. Bxg5 {[%clk 0:00:37]} Rxg5 {[%clk 0:00:14]} 22. fxg5
{[%clk 0:00:38]} e4 {[%clk 0:00:12]} 23. Rfe1 {[%clk 0:00:29]} d3
{[%clk 0:00:12]} 24. Qf2 {[%clk 0:00:19]} Qe6 {[%clk 0:00:11]} 25. Qf4
{[%clk 0:00:17]} Nc4 {[%clk 0:00:06]} 26. Rxe4 {[%clk 0:00:14]} Qb6+
{[%clk 0:00:06]} 27. Kh1 {[%clk 0:00:15]} Nxb2 {[%clk 0:00:07]} 28. Rd2
{[%clk 0:00:12]} Qc6 {[%clk 0:00:07]} 29. Rxb2 {[%clk 0:00:06]} d2
{[%clk 0:00:08]} 30. Rxd2 {[%clk 0:00:05]} Qc1+ {[%clk 0:00:09]} 31. Kg2
{[%clk 0:00:05]} Rxd2+ {[%clk 0:00:10]} 32. Kh3 {[%clk 0:00:07]} b6
{[%clk 0:00:07]} 33. Re7 {[%clk 0:00:05]} Qc5 {[%clk 0:00:05]} 34. Re8+
{[%clk 0:00:04]} Kd7 {[%clk 0:00:05]} 35. Qf7+ {[%clk 0:00:05]} Kc6
{[%clk 0:00:06]} 36. Re6+ {[%clk 0:00:03]} Kb7 {[%clk 0:00:07]} 37. Qxh7
{[%clk 0:00:04]} Qxg5 {[%clk 0:00:05]} 38. Qe4+ {[%clk 0:00:05]} Rd5
{[%clk 0:00:06]} 39. Kg2 {[%clk 0:00:04]} a5 {[%clk 0:00:06]} 40. h4
{[%clk 0:00:05]} Qd2+ {[%clk 0:00:07]} 41. Kh3 {[%clk 0:00:06]} a4
{[%clk 0:00:06]} 42. Re5 {[%clk 0:00:08]} c6 {[%clk 0:00:06]} 43. Re7+
{[%clk 0:00:08]} Rd7 {[%clk 0:00:07]} 44. Qe6 {[%clk 0:00:06]} Rxe7
{[%clk 0:00:08]} 45. Qxe7+ {[%clk 0:00:08]} Ka6 {[%clk 0:00:09]} 46. a3
{[%clk 0:00:07]} c5 {[%clk 0:00:09]} 47. h5 {[%clk 0:00:08]} Qc1 {[%clk 0:00:09]}
48. Kg4 {[%clk 0:00:05]} Qxa3 {[%clk 0:00:09]} 49. h6 {[%clk 0:00:05]} Qc3
{[%clk 0:00:07]} 50. h7 {[%clk 0:00:06]} Qd4+ {[%clk 0:00:07]} 51. Kf5
{[%clk 0:00:07]} a3 {[%clk 0:00:07]} 52. Kg6 {[%clk 0:00:03]} Qd3+
{[%clk 0:00:06]} 53. Kg7 {[%clk 0:00:04]} Qc3+ {[%clk 0:00:07]} 54. Qf6
{[%clk 0:00:05]} Qxf6+ {[%clk 0:00:07]} 55. Kxf6 {[%clk 0:00:06]} a2
{[%clk 0:00:08]} 0-1

[Event "Blitz 2018"]
[Site "Saint-Petersburg"]
[Date "2018.12.29"]
[Round "4"]
[Board "37"]
[White "Christiansen Johan-Sebastian (NOR)"]
[Black "Vokhidov Shamsiddin (UZB)"]
[Result "0-1"]
[LiveChessVersion "1.4.8"]
[BlackElo "2414"]
[WhiteElo "2635"]

1. e4 {[%clk 0:03:03]} e5 {[%clk 0:03:04]} 2. Nf3 {[%clk 0:03:05]} Nc6
{[%clk 0:03:05]} 3. Nc3 {[%clk 0:03:06]} Nf6 4. a3 d5 {[%clk 0:03:06]} 5. Bb5
{[%clk 0:03:09]} Nxe4 {[%clk 0:03:03]} 6. Nxe5 {[%clk 0:03:10]} Qg5
{[%clk 0:03:04]} 7. Nxc6 {[%clk 0:03:02]} Qxg2 {[%clk 0:03:04]} 8. Rf1
{[%clk 0:03:03]} a6 {[%clk 0:03:05]} 9. Nxd5 {[%clk 0:03:02]} axb5
{[%clk 0:03:03]} 10. Nxc7+ {[%clk 0:03:03]} Kd7 {[%clk 0:03:04]} 11. Nxa8
{[%clk 0:03:03]} Kxc6 {[%clk 0:03:05]} 12. a4 {[%clk 0:02:47]} bxa4
{[%clk 0:02:40]} 13. d4 {[%clk 0:01:50]} Bb4+ {[%clk 0:02:09]} 14. c3
{[%clk 0:01:51]} Nxc3 {[%clk 0:02:04]} 15. Qd3 {[%clk 0:00:27]} Re8+
{[%clk 0:01:21]} 16. Be3 {[%clk 0:00:28]} Rxe3+ {[%clk 0:00:52]} 17. fxe3
{[%clk 0:00:15]} Nd5+ {[%clk 0:00:43]} 18. Kd1 {[%clk 0:00:14]} Nxe3+
{[%clk 0:00:40]} 19. Kc1 {[%clk 0:00:08]} Qxf1+ {[%clk 0:00:25]} 20. Qxf1
{[%clk 0:00:10]} Nxf1 {[%clk 0:00:17]} 21. Rxa4 {[%clk 0:00:11]} Kb5
{[%clk 0:00:17]} 22. b3 {[%clk 0:00:11]} Ba5 {[%clk 0:00:10]} 23. Rc4
{[%clk 0:00:11]} Be6 {[%clk 0:00:10]} 24. Rc5+ {[%clk 0:00:08]} Ka6
{[%clk 0:00:11]} 25. d5 {[%clk 0:00:05]} Bd7 {[%clk 0:00:12]} 26. Nc7+
{[%clk 0:00:04]} Kb6 {[%clk 0:00:13]} 27. Rc4 {[%clk 0:00:05]} Kxc7
{[%clk 0:00:13]} 0-1

[Event "Blitz 2018"]
[Site "Saint-Petersburg"]
[Date "2018.12.29"]
[Round "4"]
[Board "38"]
[White "Drygalov Andrey (RUS)"]
[Black "Shaposhnikov Evgeny (RUS)"]
[Result "1/2-1/2"]
[LiveChessVersion "1.4.8"]
[BlackElo "2603"]
[WhiteElo "2509"]

1. e4 {[%clk 0:02:59]} e6 {[%clk 0:03:03]} 2. d4 {[%clk 0:03:01]} d5
{[%clk 0:03:04]} 3. Nd2 {[%clk 0:03:02]} Nc6 {[%clk 0:03:03]} 4. Ngf3
{[%clk 0:03:03]} Nf6 {[%clk 0:03:04]} 5. e5 {[%clk 0:03:01]} Nd7 {[%clk 0:03:05]}
6. Nb3 {[%clk 0:03:01]} a5 {[%clk 0:02:57]} 7. a4 {[%clk 0:03:00]} b6
{[%clk 0:02:55]} 8. Bb5 {[%clk 0:02:54]} Na7 {[%clk 0:02:50]} 9. Be2
{[%clk 0:02:41]} Be7 {[%clk 0:02:48]} 10. h4 {[%clk 0:02:42]} c5 {[%clk 0:02:41]}
11. c3 {[%clk 0:02:32]} Nc6 {[%clk 0:02:34]} 12. h5 {[%clk 0:02:28]} Ba6
{[%clk 0:02:29]} 13. h6 {[%clk 0:02:22]} g6 {[%clk 0:02:25]} 14. Bxa6
{[%clk 0:02:15]} Rxa6 {[%clk 0:02:26]} 15. Qe2 {[%clk 0:02:16]} Ra8
{[%clk 0:02:21]} 16. O-O {[%clk 0:02:08]} O-O {[%clk 0:02:20]} 17. c4
{[%clk 0:01:27]} Nb4 {[%clk 0:02:19]} 18. cxd5 {[%clk 0:01:18]} Nxd5
{[%clk 0:02:17]} 19. dxc5 {[%clk 0:01:12]} bxc5 {[%clk 0:02:14]} 20. Nbd2
{[%clk 0:01:07]} Qb6 {[%clk 0:02:07]} 21. Nc4 {[%clk 0:00:57]} Qa6
{[%clk 0:02:08]} 22. Re1 {[%clk 0:00:55]} Rfb8 {[%clk 0:01:44]} 23. Bd2
{[%clk 0:00:46]} Nb4 {[%clk 0:01:30]} 24. Bg5 {[%clk 0:00:43]} Bf8
{[%clk 0:01:28]} 25. Be3 {[%clk 0:00:31]} Nb6 {[%clk 0:01:17]} 26. Nxb6
{[%clk 0:00:27]} Qxe2 {[%clk 0:00:59]} 27. Rxe2 {[%clk 0:00:29]} Rxb6
{[%clk 0:00:59]} 28. Nd2 {[%clk 0:00:07]} Nd5 {[%clk 0:00:54]} 29. Nc4
{[%clk 0:00:06]} Rb4 {[%clk 0:00:52]} 30. Rc1 {[%clk 0:00:04]} Nxe3
{[%clk 0:00:50]} 31. fxe3 {[%clk 0:00:05]} Bxh6 32. Kf2 Bg7 {[%clk 0:00:44]} 33.
Rd2 {[%clk 0:00:07]} Rab8 {[%clk 0:00:45]} 34. Nxa5 Rxb2 {[%clk 0:00:45]} 35.
Rxb2 {[%clk 0:00:05]} Rxb2+ {[%clk 0:00:46]} 36. Kf3 {[%clk 0:00:07]} Bxe5
{[%clk 0:00:42]} 37. Nc4 {[%clk 0:00:07]} Rb4 {[%clk 0:00:32]} 38. Nxe5
{[%clk 0:00:08]} Rxa4 {[%clk 0:00:33]} 39. Rxc5 {[%clk 0:00:09]} Ra7
{[%clk 0:00:32]} 40. g4 {[%clk 0:00:08]} h6 {[%clk 0:00:33]} 41. Nd3
{[%clk 0:00:09]} Kg7 {[%clk 0:00:34]} 42. Rc3 {[%clk 0:00:09]} Ra5
{[%clk 0:00:30]} 43. Rc7 {[%clk 0:00:09]} h5 {[%clk 0:00:32]} 44. gxh5
{[%clk 0:00:10]} Rxh5 {[%clk 0:00:32]} 45. Nf4 {[%clk 0:00:12]} Rf5
{[%clk 0:00:30]} 46. e4 {[%clk 0:00:12]} Re5 {[%clk 0:00:28]} 47. Nd3
{[%clk 0:00:10]} Ra5 {[%clk 0:00:27]} 48. e5 {[%clk 0:00:07]} g5 {[%clk 0:00:28]}
49. Rc8 {[%clk 0:00:07]} Kg6 {[%clk 0:00:26]} 50. Rf8 {[%clk 0:00:06]} Ra3
{[%clk 0:00:25]} 51. Ke4 {[%clk 0:00:07]} Ra4+ {[%clk 0:00:26]} 52. Ke3
{[%clk 0:00:07]} Rh4 {[%clk 0:00:20]} 53. Nf2 {[%clk 0:00:06]} Kf5
{[%clk 0:00:17]} 54. Rxf7+ {[%clk 0:00:04]} Kxe5 55. Ke4+ 1/2-1/2

[Event "Blitz 2018"]
[Site "Saint-Petersburg"]
[Date "2018.12.29"]
[Round "4"]
[Board "39"]
[White "Tomashevsky Evgeny (RUS)"]
[Black "Apryshko Gleb (RUS)"]
[Result "1-0"]
[LiveChessVersion "1.4.8"]
[BlackElo "2416"]
[WhiteElo "2602"]

1. e4 {[%clk 0:03:03]} e5 {[%clk 0:03:00]} 2. Nf3 {[%clk 0:03:03]} Nc6
{[%clk 0:03:01]} 3. Bb5 {[%clk 0:03:04]} f5 {[%clk 0:03:01]} 4. d3
{[%clk 0:02:48]} Nf6 {[%clk 0:02:58]} 5. exf5 {[%clk 0:02:40]} d6
{[%clk 0:02:41]} 6. d4 {[%clk 0:02:06]} Bxf5 {[%clk 0:02:07]} 7. dxe5
{[%clk 0:01:36]} dxe5 {[%clk 0:02:08]} 8. O-O {[%clk 0:01:34]} Qxd1
{[%clk 0:02:01]} 9. Rxd1 {[%clk 0:01:35]} Bg4 {[%clk 0:02:00]} 10. Bxc6+
{[%clk 0:01:14]} bxc6 {[%clk 0:02:01]} 11. Nc3 {[%clk 0:01:14]} Bb4
{[%clk 0:01:10]} 12. Re1 {[%clk 0:01:10]} Bxf3 {[%clk 0:00:18]} 13. Rxe5+
{[%clk 0:01:11]} Kf7 {[%clk 0:00:17]} 14. gxf3 {[%clk 0:01:11]} Bxc3
{[%clk 0:00:14]} 15. bxc3 {[%clk 0:01:12]} Rhe8 {[%clk 0:00:15]} 16. Rxe8
{[%clk 0:01:04]} Rxe8 {[%clk 0:00:14]} 17. Be3 {[%clk 0:01:04]} Nd5
{[%clk 0:00:13]} 18. Bxa7 {[%clk 0:01:03]} Nxc3 {[%clk 0:00:04]} 19. a3
{[%clk 0:01:02]} Re2 {[%clk 0:00:03]} 20. a4 {[%clk 0:01:00]} Rxc2
{[%clk 0:00:03]} 21. a5 {[%clk 0:00:53]} Rd2 {[%clk 0:00:00]} 1-0

[Event "Blitz 2018"]
[Site "Saint-Petersburg"]
[Date "2018.12.29"]
[Round "4"]
[Board "40"]
[White "Teterev Vitaly (BLR)"]
[Black "Pantsulaia Levan (GEO)"]
[Result "0-1"]
[LiveChessVersion "1.4.8"]
[BlackElo "2584"]
[WhiteElo "2397"]

1. Nf3 {[%clk 0:03:03]} c5 {[%clk 0:03:03]} 2. e4 {[%clk 0:03:04]} e6
{[%clk 0:03:03]} 3. d3 {[%clk 0:03:05]} Nc6 {[%clk 0:03:01]} 4. g3
{[%clk 0:03:06]} Nf6 {[%clk 0:03:01]} 5. Bg2 {[%clk 0:03:08]} d6 {[%clk 0:03:01]}
6. O-O {[%clk 0:03:08]} Be7 {[%clk 0:03:02]} 7. Re1 {[%clk 0:03:08]} O-O
{[%clk 0:03:03]} 8. c3 {[%clk 0:03:09]} Bd7 {[%clk 0:03:00]} 9. a3
{[%clk 0:03:09]} Rc8 {[%clk 0:02:57]} 10. Nbd2 {[%clk 0:03:10]} b5
{[%clk 0:02:57]} 11. d4 {[%clk 0:03:06]} cxd4 {[%clk 0:02:47]} 12. cxd4
{[%clk 0:03:07]} Qb6 {[%clk 0:02:48]} 13. Nb3 {[%clk 0:02:46]} d5
{[%clk 0:02:44]} 14. e5 {[%clk 0:02:41]} Ne4 {[%clk 0:02:45]} 15. Be3
{[%clk 0:02:42]} a5 {[%clk 0:02:08]} 16. Rc1 {[%clk 0:02:31]} a4 {[%clk 0:01:40]}
17. Nc5 {[%clk 0:02:23]} Nxc5 {[%clk 0:01:40]} 18. dxc5 {[%clk 0:02:24]} Qa5
{[%clk 0:01:42]} 19. Bg5 {[%clk 0:02:16]} Bxg5 {[%clk 0:01:41]} 20. Nxg5
{[%clk 0:02:17]} h6 {[%clk 0:01:42]} 21. Nf3 {[%clk 0:02:18]} b4 {[%clk 0:01:43]}
22. Nd4 {[%clk 0:02:11]} bxa3 {[%clk 0:01:35]} 23. bxa3 {[%clk 0:02:12]} Rb8
{[%clk 0:01:37]} 24. Bf1 {[%clk 0:01:45]} Rb2 {[%clk 0:01:34]} 25. Re2
{[%clk 0:01:27]} Rfb8 {[%clk 0:01:20]} 26. Nxc6 {[%clk 0:01:04]} Bxc6
{[%clk 0:01:21]} 27. Qd4 {[%clk 0:00:16]} Rxe2 {[%clk 0:01:13]} 28. Bxe2
{[%clk 0:00:17]} Rb3 {[%clk 0:01:14]} 29. Bh5 {[%clk 0:00:15]} g6
{[%clk 0:00:58]} 30. Bg4 {[%clk 0:00:15]} h5 {[%clk 0:00:53]} 31. Bh3
{[%clk 0:00:16]} Rxa3 {[%clk 0:00:53]} 32. Qf4 {[%clk 0:00:15]} Rc3
{[%clk 0:00:40]} 33. Rb1 {[%clk 0:00:06]} Rb3 {[%clk 0:00:40]} 34. Rc1
{[%clk 0:00:07]} Qd8 {[%clk 0:00:33]} 35. Qh6 {[%clk 0:00:04]} Qf8
{[%clk 0:00:30]} 36. Qg5 {[%clk 0:00:05]} Kh7 {[%clk 0:00:18]} 37. Qf6
{[%clk 0:00:06]} Qg7 {[%clk 0:00:16]} 38. Qe7 {[%clk 0:00:07]} a3
{[%clk 0:00:16]} 39. Qa7 {[%clk 0:00:05]} d4 {[%clk 0:00:11]} 40. Qa6
{[%clk 0:00:06]} Bd5 {[%clk 0:00:10]} 41. c6 {[%clk 0:00:06]} Qxe5
{[%clk 0:00:10]} 42. Qa7 {[%clk 0:00:05]} Kg7 {[%clk 0:00:10]} 43. Bg2
{[%clk 0:00:04]} Bxg2 {[%clk 0:00:08]} 44. c7 {[%clk 0:00:06]} Bd5
{[%clk 0:00:06]} 45. c8=Q {[%clk 0:00:00]} Qe4 46. Qxf7+ Kf6 47. Qd8+ 0-1

[Event "Blitz 2018"]
[Site "Saint-Petersburg"]
[Date "2018.12.29"]
[Round "4"]
[Board "41"]
[White "Smirin Ilia (ISR)"]
[Black "Kabanov Nikolai (RUS)"]
[Result "1-0"]
[LiveChessVersion "1.4.8"]
[BlackElo "2311"]
[WhiteElo "2582"]

1. e4 {[%clk 0:03:03]} e5 {[%clk 0:03:03]} 2. Nf3 {[%clk 0:03:03]} d6
{[%clk 0:03:04]} 3. d4 {[%clk 0:03:03]} exd4 {[%clk 0:03:05]} 4. Nxd4
{[%clk 0:03:04]} Nf6 {[%clk 0:03:06]} 5. Nc3 {[%clk 0:03:04]} Be7
{[%clk 0:03:07]} 6. Be2 {[%clk 0:03:03]} O-O {[%clk 0:03:07]} 7. O-O
{[%clk 0:03:04]} Re8 {[%clk 0:03:05]} 8. Re1 {[%clk 0:03:04]} c6 {[%clk 0:03:02]}
9. f4 {[%clk 0:02:56]} b5 {[%clk 0:02:52]} 10. a3 {[%clk 0:02:55]} a6
{[%clk 0:02:51]} 11. Bf3 {[%clk 0:02:53]} Qc7 {[%clk 0:02:48]} 12. Kh1
{[%clk 0:02:49]} Bf8 {[%clk 0:02:48]} 13. Be3 {[%clk 0:02:42]} Bb7
{[%clk 0:02:42]} 14. Bf2 {[%clk 0:02:39]} Nbd7 {[%clk 0:02:41]} 15. Bh4
{[%clk 0:02:30]} g6 {[%clk 0:02:30]} 16. Qd2 {[%clk 0:02:20]} c5 {[%clk 0:02:25]}
17. Nb3 {[%clk 0:02:14]} b4 {[%clk 0:02:18]} 18. axb4 {[%clk 0:02:13]} cxb4
{[%clk 0:02:19]} 19. Nd5 {[%clk 0:02:05]} Nxd5 {[%clk 0:02:09]} 20. exd5
{[%clk 0:02:06]} Rxe1+ {[%clk 0:02:05]} 21. Rxe1 {[%clk 0:02:04]} a5
{[%clk 0:02:04]} 22. Nd4 {[%clk 0:02:00]} Nb6 {[%clk 0:01:51]} 23. Nc6
{[%clk 0:01:59]} Bxc6 {[%clk 0:01:25]} 24. dxc6 {[%clk 0:01:59]} d5
{[%clk 0:01:13]} 25. Bxd5 {[%clk 0:01:56]} Qd6 {[%clk 0:01:08]} 26. Rd1
{[%clk 0:01:50]} Rc8 {[%clk 0:00:45]} 27. Bf3 {[%clk 0:01:40]} Qxd2
{[%clk 0:00:34]} 28. Rxd2 {[%clk 0:01:41]} a4 {[%clk 0:00:34]} 29. Rd8
{[%clk 0:01:24]} a3 {[%clk 0:00:34]} 30. bxa3 {[%clk 0:01:23]} bxa3
{[%clk 0:00:36]} 31. Rxc8 {[%clk 0:01:19]} Nxc8 {[%clk 0:00:36]} 32. Bd5
{[%clk 0:01:17]} Bd6 {[%clk 0:00:30]} 33. Bf6 {[%clk 0:00:51]} Na7
{[%clk 0:00:25]} 34. g3 {[%clk 0:00:47]} Kf8 {[%clk 0:00:19]} 35. Kg2
{[%clk 0:00:48]} Ke8 {[%clk 0:00:14]} 36. Kf3 {[%clk 0:00:48]} Nb5
{[%clk 0:00:09]} 37. Ke3 {[%clk 0:00:45]} Be7 {[%clk 0:00:06]} 38. Be5
{[%clk 0:00:41]} f6 {[%clk 0:00:06]} 39. Ba1 {[%clk 0:00:41]} Bc5+
{[%clk 0:00:05]} 40. Kd3 {[%clk 0:00:42]} Nc7 {[%clk 0:00:03]} 41. Bb3
{[%clk 0:00:41]} Ke7 {[%clk 0:00:05]} 42. Kc4 {[%clk 0:00:41]} Bd6
{[%clk 0:00:05]} 43. h4 {[%clk 0:00:36]} h6 {[%clk 0:00:04]} 44. Kd3
{[%clk 0:00:34]} g5 {[%clk 0:00:03]} 45. fxg5 {[%clk 0:00:32]} fxg5
{[%clk 0:00:05]} 46. hxg5 {[%clk 0:00:32]} hxg5 {[%clk 0:00:06]} 47. g4
{[%clk 0:00:33]} Nb5 {[%clk 0:00:07]} 48. Ke4 {[%clk 0:00:31]} Bb4
{[%clk 0:00:07]} 49. Kd3 {[%clk 0:00:28]} Kd6 {[%clk 0:00:08]} 50. Kc4
{[%clk 0:00:29]} 1-0

[Event "Blitz 2018"]
[Site "Saint-Petersburg"]
[Date "2018.12.29"]
[Round "4"]
[Board "42"]
[White "Tissir Mohamed (MAR)"]
[Black "Popov Valerij (RUS)"]
[Result "0-1"]
[LiveChessVersion "1.4.8"]
[BlackElo "2574"]
[WhiteElo "2381"]

1. e4 {[%clk 0:03:02]} e6 {[%clk 0:03:03]} 2. d4 {[%clk 0:03:03]} d5
{[%clk 0:03:04]} 3. Bd3 {[%clk 0:03:02]} c5 {[%clk 0:02:59]} 4. exd5
{[%clk 0:02:55]} exd5 {[%clk 0:03:00]} 5. dxc5 {[%clk 0:02:51]} Bxc5
{[%clk 0:03:00]} 6. Nf3 {[%clk 0:02:52]} Nf6 {[%clk 0:02:52]} 7. O-O
{[%clk 0:02:52]} O-O {[%clk 0:02:53]} 8. h3 {[%clk 0:02:38]} Qd6 {[%clk 0:02:36]}
9. Nh4 {[%clk 0:01:42]} Nc6 {[%clk 0:02:16]} 10. Nf5 {[%clk 0:01:32]} Qc7
{[%clk 0:01:58]} 11. Nc3 {[%clk 0:01:19]} Be6 {[%clk 0:01:13]} 12. Bg5
{[%clk 0:01:05]} Nd7 {[%clk 0:01:14]} 13. Qh5 {[%clk 0:00:58]} g6
{[%clk 0:01:06]} 14. Nh6+ {[%clk 0:00:28]} Kg7 {[%clk 0:01:07]} 15. Qh4
{[%clk 0:00:26]} f6 {[%clk 0:00:59]} 16. Bd2 {[%clk 0:00:20]} Nde5
{[%clk 0:00:49]} 17. Ng4 {[%clk 0:00:16]} Nxg4 {[%clk 0:00:44]} 18. hxg4
{[%clk 0:00:17]} Kg8 {[%clk 0:00:45]} 19. Rae1 {[%clk 0:00:17]} Rae8
{[%clk 0:00:46]} 20. Bh6 {[%clk 0:00:16]} Rf7 {[%clk 0:00:48]} 21. Nxd5
{[%clk 0:00:16]} Qd8 {[%clk 0:00:41]} 22. Nf4 {[%clk 0:00:18]} Bxa2
{[%clk 0:00:39]} 23. Rxe8+ {[%clk 0:00:12]} Qxe8 {[%clk 0:00:41]} 24. b3
{[%clk 0:00:13]} Ne5 {[%clk 0:00:39]} 25. Be4 {[%clk 0:00:10]} g5
{[%clk 0:00:36]} 26. Bxg5 {[%clk 0:00:11]} fxg5 {[%clk 0:00:37]} 27. Qxg5+
{[%clk 0:00:12]} Kh8 {[%clk 0:00:39]} 28. Nh5 {[%clk 0:00:05]} Qe7
{[%clk 0:00:28]} 29. Qxe7 {[%clk 0:00:03]} Rxe7 {[%clk 0:00:29]} 30. Ra1
{[%clk 0:00:04]} Nxg4 {[%clk 0:00:29]} 31. Rxa2 {[%clk 0:00:04]} Rxe4
{[%clk 0:00:29]} 0-1

[Event "Blitz 2018"]
[Site "Saint-Petersburg"]
[Date "2018.12.29"]
[Round "4"]
[Board "43"]
[White "Yu Yangyi (CHN)"]
[Black "Ghaem Maghami Ehsan (IRI)"]
[Result "1/2-1/2"]
[LiveChessVersion "1.4.8"]
[BlackElo "2582"]
[WhiteElo "2804"]

1. e4 {[%clk 0:03:03]} c6 {[%clk 0:03:04]} 2. d4 {[%clk 0:03:03]} d5
{[%clk 0:03:05]} 3. e5 {[%clk 0:03:04]} c5 {[%clk 0:03:06]} 4. Ne2
{[%clk 0:03:04]} Nc6 {[%clk 0:03:02]} 5. c3 {[%clk 0:03:02]} e6 {[%clk 0:02:31]}
6. Nd2 {[%clk 0:03:00]} Nh6 {[%clk 0:02:30]} 7. Nf3 {[%clk 0:02:58]} Nf5
{[%clk 0:02:30]} 8. Ng3 {[%clk 0:02:54]} cxd4 {[%clk 0:02:27]} 9. Nxf5
{[%clk 0:02:51]} exf5 {[%clk 0:02:26]} 10. cxd4 {[%clk 0:02:52]} Qb6
{[%clk 0:02:24]} 11. Be2 {[%clk 0:02:38]} h6 {[%clk 0:02:21]} 12. a3
{[%clk 0:02:20]} g5 {[%clk 0:02:18]} 13. h3 {[%clk 0:02:07]} Bg7 {[%clk 0:02:04]}
14. O-O {[%clk 0:02:00]} g4 {[%clk 0:01:48]} 15. hxg4 {[%clk 0:02:01]} fxg4
{[%clk 0:01:49]} 16. Nh2 {[%clk 0:02:02]} Qxd4 {[%clk 0:01:19]} 17. Nxg4
{[%clk 0:01:55]} Qxd1 {[%clk 0:01:07]} 18. Rxd1 {[%clk 0:01:55]} Bxg4
{[%clk 0:01:01]} 19. Bxg4 {[%clk 0:01:56]} Nxe5 {[%clk 0:01:00]} 20. Bf5
{[%clk 0:01:48]} Rd8 {[%clk 0:00:43]} 21. Be3 {[%clk 0:01:43]} d4
{[%clk 0:00:39]} 22. Bf4 {[%clk 0:01:32]} O-O {[%clk 0:00:39]} 23. Rac1
{[%clk 0:01:33]} b5 {[%clk 0:00:33]} 24. b3 {[%clk 0:01:32]} Rfe8
{[%clk 0:00:23]} 25. g3 {[%clk 0:01:22]} a6 {[%clk 0:00:21]} 26. Kg2
{[%clk 0:01:24]} Re7 {[%clk 0:00:11]} 27. Rh1 {[%clk 0:01:17]} Ng6
{[%clk 0:00:06]} 28. Bxh6 {[%clk 0:00:48]} Bxh6 {[%clk 0:00:07]} 29. Rxh6
{[%clk 0:00:49]} Kg7 {[%clk 0:00:08]} 30. Rhh1 {[%clk 0:00:50]} Re2
{[%clk 0:00:08]} 31. Rhe1 {[%clk 0:00:32]} Rb2 {[%clk 0:00:07]} 32. Rb1
{[%clk 0:00:33]} Rxb1 {[%clk 0:00:08]} 33. Rxb1 {[%clk 0:00:32]} Kf6
{[%clk 0:00:09]} 34. Bxg6 {[%clk 0:00:31]} fxg6 {[%clk 0:00:10]} 35. f4
{[%clk 0:00:27]} Kf5 {[%clk 0:00:10]} 36. Kf3 {[%clk 0:00:28]} Re8
{[%clk 0:00:11]} 37. g4+ {[%clk 0:00:27]} Kf6 {[%clk 0:00:12]} 38. Kf2
{[%clk 0:00:12]} Re4 {[%clk 0:00:12]} 39. Kf3 {[%clk 0:00:13]} Re3+ 40. Kf2 Re4
{[%clk 0:00:15]} 41. Kf3 {[%clk 0:00:16]} Re3+ 42. Kf2 Re4 {[%clk 0:00:18]} 43.
Kf3 {[%clk 0:00:19]} Re3+ {[%clk 0:00:19]} 1/2-1/2

[Event "Blitz 2018"]
[Site "Saint-Petersburg"]
[Date "2018.12.29"]
[Round "4"]
[Board "44"]
[White "Giri Anish (NED)"]
[Black "Khusnutdinov Rustam (KAZ)"]
[Result "1-0"]
[LiveChessVersion "1.4.8"]
[BlackElo "2582"]
[WhiteElo "2751"]

1. e4 {[%clk 0:03:03]} e6 {[%clk 0:03:03]} 2. d4 {[%clk 0:03:04]} d5
{[%clk 0:03:04]} 3. Nc3 {[%clk 0:03:05]} Nf6 {[%clk 0:03:00]} 4. e5
{[%clk 0:03:07]} Nfd7 {[%clk 0:03:01]} 5. f4 {[%clk 0:03:07]} c5 {[%clk 0:03:02]}
6. Nf3 {[%clk 0:03:09]} Nc6 {[%clk 0:03:04]} 7. Be3 {[%clk 0:03:10]} Be7
{[%clk 0:02:56]} 8. Qd2 {[%clk 0:03:10]} O-O {[%clk 0:02:56]} 9. dxc5
{[%clk 0:03:09]} Qa5 {[%clk 0:02:58]} 10. a3 {[%clk 0:02:45]} Bxc5
{[%clk 0:02:57]} 11. Nd4 {[%clk 0:02:38]} Nxd4 {[%clk 0:02:04]} 12. Bxd4
{[%clk 0:02:39]} Bxd4 13. Qxd4 {[%clk 0:02:40]} a6 {[%clk 0:01:59]} 14. Bd3
{[%clk 0:02:31]} Qc5 {[%clk 0:01:45]} 15. Ne2 {[%clk 0:02:19]} b5
{[%clk 0:01:29]} 16. Qxc5 {[%clk 0:02:12]} Nxc5 {[%clk 0:01:30]} 17. Nd4
{[%clk 0:02:07]} Bd7 {[%clk 0:01:30]} 18. b4 {[%clk 0:02:07]} Na4
{[%clk 0:01:25]} 19. Kd2 {[%clk 0:02:06]} Rfc8 {[%clk 0:01:20]} 20. Rhe1
{[%clk 0:02:03]} Nb6 {[%clk 0:01:12]} 21. Rab1 {[%clk 0:01:55]} Rc7
{[%clk 0:01:12]} 22. Re3 {[%clk 0:01:53]} Rac8 {[%clk 0:01:07]} 23. g4
{[%clk 0:01:51]} Rd8 {[%clk 0:00:48]} 24. f5 {[%clk 0:01:48]} exf5
{[%clk 0:00:40]} 25. gxf5 {[%clk 0:01:49]} Nc4+ {[%clk 0:00:42]} 26. Bxc4
{[%clk 0:01:49]} dxc4 {[%clk 0:00:43]} 27. Kc3 {[%clk 0:01:48]} Bc8
{[%clk 0:00:44]} 28. e6 {[%clk 0:01:45]} fxe6 {[%clk 0:00:40]} 29. fxe6
{[%clk 0:01:47]} Re8 {[%clk 0:00:41]} 30. Rbe1 {[%clk 0:01:44]} Rce7
{[%clk 0:00:41]} 31. a4 {[%clk 0:01:28]} bxa4 {[%clk 0:00:30]} 32. Kxc4
{[%clk 0:01:28]} g6 {[%clk 0:00:32]} 33. Kd5 {[%clk 0:01:18]} Rc7
{[%clk 0:00:29]} 34. Kd6 {[%clk 0:01:05]} Rc4 {[%clk 0:00:30]} 35. c3
{[%clk 0:01:07]} a3 {[%clk 0:00:31]} 36. Ra1 {[%clk 0:01:06]} Rd8+
{[%clk 0:00:28]} 37. Ke5 {[%clk 0:00:57]} Bb7 {[%clk 0:00:30]} 38. Rxa3
{[%clk 0:00:57]} Kg7 {[%clk 0:00:31]} 39. Ra5 {[%clk 0:00:54]} Rc7
{[%clk 0:00:29]} 40. Rg3 {[%clk 0:00:52]} Rf8 {[%clk 0:00:15]} 41. Kd6
{[%clk 0:00:50]} Rcc8 {[%clk 0:00:17]} 42. e7 {[%clk 0:00:45]} Rf6+
{[%clk 0:00:17]} 43. Kd7 {[%clk 0:00:46]} Rf7 {[%clk 0:00:17]} 44. Re5
{[%clk 0:00:44]} Ra8 {[%clk 0:00:12]} 45. Kc7 {[%clk 0:00:40]} Bh1
{[%clk 0:00:09]} 46. Rge3 {[%clk 0:00:35]} Ra7+ {[%clk 0:00:10]} 47. Kb6
{[%clk 0:00:35]} Rb7+ {[%clk 0:00:08]} 48. Ka5 {[%clk 0:00:35]} Rf1
{[%clk 0:00:09]} 49. Re1 {[%clk 0:00:32]} Rf2 {[%clk 0:00:10]} 50. R5e2
{[%clk 0:00:29]} 1-0